Pattern recognition and machine learning

This is the first textbook on pattern recognition to present the Bayesian viewpoint. The book presents approximate inference algorithms that permit fast approximate answers in situations where exact answers are not feasible. It uses graphical models to describe probability distributions when no othe...

全面介紹

Đã lưu trong:
書目詳細資料
主要作者: Bishop, Christopher M.
格式: 圖書
語言:Undetermined
出版: New York Springer 2006
主題:
標簽: 添加標簽
沒有標簽, 成為第一個標記此記錄!
Thư viện lưu trữ: Trung tâm Học liệu Trường Đại học Cần Thơ
LEADER 01397nam a2200229Ia 4500
001 CTU_224025
008 210402s9999 xx 000 0 und d
020 |c 2099000 
082 |a 006.4 
082 |b B622 
100 |a Bishop, Christopher M. 
245 0 |a Pattern recognition and machine learning 
245 0 |c Christopher M. Bishop. 
260 |a New York 
260 |b Springer 
260 |c 2006 
520 |a This is the first textbook on pattern recognition to present the Bayesian viewpoint. The book presents approximate inference algorithms that permit fast approximate answers in situations where exact answers are not feasible. It uses graphical models to describe probability distributions when no other books apply graphical models to machine learning. No previous knowledge of pattern recognition or machine learning concepts is assumed. Familiarity with multivariate calculus and basic linear algebra is required, and some experience in the use of probabilities would be helpful though not essential as the book includes a self-contained introduction to basic probability theory. 
526 |a Máy học ứng dụng 
526 |b CT294 
650 |a Học máy,Machine learning,Pattern perception,Pattern perception,Pattern perception,Pattern perception,Nhận thức về mẫu 
910 |b vdbang 
980 |a Trung tâm Học liệu Trường Đại học Cần Thơ